000 00532nam a2200169 4500
008 171215b xxu||||| |||| 00| 0 eng d
020 _a9710857975
082 _21995
_aDFil 160
_bC88
100 _925277
_aCruz, Corazon L., author.
245 _aIntroduction to logic /
_cCorazon L. Cruz.
250 _aFourth edition.
260 _aMandaluyong City:
_bNational Book Store,
_c©1995.
300 _axii, 363 pages
_c22 cm.
500 _aIncludes bibliographical references and index.
650 0 _925278
_aLogic.
942 _2ddc
_cDFIL
999 _c8170
_d8170